[Event "Ubeda op 5th"]
[Site "Ubeda"]
[Date "2000.01.22"]
[Round "4"]
[White "Bykhovsky, Anatoly A"]
[Black "Svetushkin, Dmitry"]
[Result "1-0"]
[WhiteElo "2398"]
[BlackElo "2486"]
[Annotator "Oratovsky,M"]
[PlyCount "107"]
[EventDate "2000.01.19"]
[EventType "swiss"]
[EventRounds "10"]
[EventCountry "ESP"]
[SourceTitle "CBM 075"]
[Source "ChessBase"]
[SourceDate "2000.04.05"]
[SourceVersion "1"]
[SourceVersionDate "2000.04.05"]
[SourceQuality "1"]

1. e4 g6 2. d4 Bg7 3. Nc3 c6 4. f4 Qb6 5. Nf3 d5 $5 (5... d6 6. Bc4 Nh6 7. Bb3
Bg4 8. Be3 d5 9. Qd2 Bxf3 10. gxf3 e6 11. f5 $36 {[%csl Rh6] Cools,
G-Kasimdzhanov,R/BEL-chT 9798 1998/1-0 (85)}) 6. e5 (6. exd5 $5 Bg4 7. h3 Bxf3
8. Qxf3 Bxd4 9. Bd2 Nf6 10. Na4 Qc7 11. c3 Bb6 12. dxc6 bxc6 13. Bc4 $16 {
[%cal Ga4b6] Martin,A-Jansson,J/Gausdal Arnold-Cup/1990/ 1-0 (23)}) 6... Bg4 7.
Be2 Nh6 ({deserved attention} 7... e6 {with idea to develope knight on e7} 8.
Na4 Qa5+ 9. c3 Nd7 10. b4 Qc7 11. O-O Ne7 12. h3 Bxf3 13. Rxf3 O-O 14. Be3 b6
$5 {[%csl Ra4]} 15. Qc2 f6 $132 {0-1 Schneider,H-Norwood,D/BL9697 1997 (39)}) (
7... Bxf3 8. Bxf3 {()} e6 (8... Nd7 9. Qd3 e6 10. Bd2 Ne7 (10... c5 $6 11. Na4
Qc6 12. Nxc5 Nxc5 13. dxc5 Qxc5 14. a3 $1 Rc8 15. Rc1 $36 {[%csl Gd2,Gf3][%cal
Yd2b4,Yd2e3] ^^}) 11. g4 $5 c5 $132 {Almasi,Z-Hodgson,J/Horgen-B 1995 (25)}) 9.
Na4 Qc7 10. b3 Nd7 11. O-O Ne7 12. Ba3 Nf5 13. Qd2 h5 14. c4 $14 {Cherniaev,
A-Hodgson,J/Open, Blackpool ENG 1998/1-0 (55)}) 8. Na4 Qa5+ 9. c3 Nd7 10. b4
Qc7 11. Be3 (11. Nc5 Nxc5 12. bxc5 Nf5 13. O-O e6 14. a4 h5 15. Qd3 h4 16. Ba3
(16. a5 $5 $13) 16... Bh6 17. Qd2 f6 $132 {Toth,A-Svetushkin,D/World Youth
bu18 1998 0-1 (25)}) 11... Nf5 12. Bf2 Bxf3 ({not dangerouse for black was} 
12... h5 13. e6 $5 fxe6 14. Ng5 Bxe2 15. Qxe2 Nf8 (15... Qxf4 16. Nxe6 Qd6 17.
Nac5 Nxc5 18. bxc5 Qd7 19. O-O $44 {[%csl Rb7,Ge6,Re8][%cal Ga1b1]}) 16. Nc5 (
16. Nxe6 Nxe6 17. Qxe6 Qd6 18. Nc5 Qxe6+ 19. Nxe6 Kd7 $15 {[%csl Rf2,Gf5] with
better endgame}) 16... Qxf4 17. Ngxe6 Nxe6 18. Nxe6 Qd6 19. O-O Bf6 $15 {
[%cal Ge8f7]}) 13. Bxf3 h5 14. h3 $6 ({Deserved attention} 14. g3 {preparing
after h3 and g4 to move black knight from comfortable outpost on f5} O-O-O 15.
Qe2 $13 {[%cal Ge1c1,Yh1g1,Yh2h3,Yg3g4]}) 14... h4 {[%csl Gf5]} 15. Bg4 e6 16.
O-O Bf8 {tipical for this structure maneuvre : black transfers his bishop on
e7, for defending darksquares on both flanks,and black king finds for himself
comfortable square on g7.} 17. Nb2 (17. Nc5 Be7 {[%cal Ge8f8,Gf8g7,Yb7b6]})
17... Be7 18. Nd3 Nb6 19. Qe2 a5 20. a3 Kf8 21. Rfb1 Kg7 $11 {black can be
satisfaced with the opening results.} 22. Ne1 Nc4 23. Nf3 Ng3 $6 {better was} (
23... a4 $5 24. Qe1 Qd8 $11) 24. Bxg3 hxg3 25. Nd2 $14 {[%csl Rg3]} Nxd2 26.
Qxd2 Ra6 27. Qd3 Rha8 $2 {It was not necessary to lose a pawn.After} (27... Bh4
$5 {black keeps a good chanses to reach a balance.}) 28. Qxg3 $16 {[%cal Gh3h4,
Gh4h5] Now white pawns on the kingside are not blockaded and white can create
weaknesses in the black position by moving "h" pawn.} axb4 29. cxb4 b5 30. Qc3
Qa7 31. Rb3 Bd8 32. Kf2 $1 {[%cal Gf2e3] Looks like black missed this simple
move.White king is the only piece,that may protect pawn d4} Qe7 33. Rd1 {
[%cal Gd1d3]} Bb6 34. g3 $1 {[%csl Gg2][%cal Gh3h4,Gh4h5] Preparing safe place
for white king and pawns attack on the kingside after h3-h4-h5} f5 $6 {Another
inaccurasy.Black makes additional weaknesses in his position.Now whites bishop,
that was almost all the game out of buisness became powerfull.} 35. exf6+ Qxf6
36. Kg2 $16 {[%csl Rc6,Re6] There is well known rool:in the position with
opposite colour bishops,big advantage has the side,that first starts to attack!
} Ba7 37. h4 Re8 38. Qe3 Bb8 39. Rc3 Re7 40. Qc1 Rea7 41. Re3 ({Another
possibility was simple} 41. Rxc6 Rxa3 (41... Rxc6 42. Qxc6 Bxf4 43. gxf4 Qxf4
44. Qxe6 Rxa3 45. Qe5+ $18) 42. Rxe6 $18) 41... Re7 42. Rc3 Rea7 43. Kh3 Bd6
44. Re1 Qxd4 45. Rxe6 Be7 46. f5 $1 $18 (46. Rcxc6 Rxc6 47. Qxc6 Bf6 $132)
46... c5 $8 47. bxc5 Rxe6 48. fxe6 Bf6 49. Rf3 Rc7 50. c6 Qc4 51. Qe3 {[%cal
Ge3b6]} Qxc6 (51... Qd4 52. Qxd4 Bxd4 53. Rd3 $18) 52. Qf4 Be7 53. Qf7+ Kh6 54.
Bf5 1-0

[Event "EU-chT (Men) 12th"]
[Site "Batumi"]
[Date "1999.12.05"]
[Round "7.3"]
[White "Socko, Bartosz"]
[Black "Conquest, Stuart"]
[Result "0-1"]
[WhiteElo "2543"]
[BlackElo "2555"]
[Annotator "Oratovsky,M"]
[PlyCount "70"]
[EventDate "1999.11.06"]
[EventType "team-swiss"]
[EventRounds "9"]
[EventCountry "GEO"]
[SourceTitle "CBM 074"]
[Source "ChessBase"]
[SourceDate "2000.02.01"]
[SourceVersion "1"]
[SourceVersionDate "2000.02.01"]
[SourceQuality "1"]
[WhiteTeam "Poland"]
[BlackTeam "England"]
[WhiteTeamCountry "POL"]
[BlackTeamCountry "ENG"]

1. e4 g6 2. d4 Bg7 3. Nc3 c6 4. Be3 (4. h4 $5 d5 5. e5 h5 6. Bd3 Nh6 7. f3 Bf5
8. Nce2 c5 9. c3 Nc6 10. Ng3 Bxd3 11. Qxd3 cxd4 12. cxd4 Qb6 13. N1e2 Nb4 14.
Qc3 O-O 15. a3 Nc6 16. Bf4 f6 $13 {Tagnon,N-Rause,O/Hastings Challengers/1996/
(16)}) 4... Qb6 $5 (4... Nf6 5. Be2 Qa5 6. Qd2 d6 7. O-O-O Ng4 8. Bxg4 Bxg4 9.
f3 Be6 10. Kb1 Na6 $13 {[%cal Ge8c8] Howell,J-McNab,C/Hastings 9495/1994/ (20)}
) 5. b3 ({deserved attention pawn sacrifise} 5. Qd2 Qxb2 6. Rb1 Qa3 7. f4 Qa5
8. Nf3 Nf6 9. Bd3 O-O 10. h3 d6 11. O-O Nbd7 12. e5 Ne8 13. Ng5 $44 {0-1
Zolnierowicz,K-Lupu,M/Val Thorens 1990/EXT 99 (23)}) (5. Rb1 $5 {in my opinion
the best reaction on optimistic Qb6} d6 6. Nf3 Nf6 7. Be2 Qc7 8. O-O Nbd7 9. a4
O-O 10. Nd2 e5 11. dxe5 dxe5 $6 {[%csl Rd6] White's pieces are much better
placed for the arising symmetrical position. After correct} (11... Nxe5 12. h3
Re8 $132 {[%cal Ge8e4] black has sufficient counterplay<->e}) 12. Nc4 Rd8 13.
Qd6 $14 {Adams,M-Shirov,A/Belgrade 1995/CBM 51/1-0 (29)}) (5. Na4 $6 Qa5+ 6. c3
d6 7. b4 Qc7 8. Nf3 Nf6 9. Bd3 O-O 10. O-O Nbd7 11. Qc2 b6 12. Nb2 c5 $132 {
[%csl Rb2] Zude,A-Bologan,V/BL 9495/1995/ (21)}) 5... d5 $5 6. exd5 Nf6 (6...
cxd5 $6 7. Bb5+ Kf8 (7... Bd7 8. Nxd5 $16) 8. a4 $14 {[%csl Rf8][%cal Ga4a5]})
7. d6 $6 (7. dxc6 $142 Nxc6 8. Qd2 Ng4 9. Nf3 O-O 10. Bc4 $13 {[%cal Gc3d5]})
7... exd6 8. h3 O-O 9. Nf3 Na6 10. Na4 Qd8 11. Bxa6 $6 (11. c4 b5 12. Nc3 Qa5
$36) 11... Qa5+ $15 12. Nd2 Qxa6 13. c4 b5 14. Nb2 bxc4 15. bxc4 $6 {another
dubious move.After correct} (15. Nbxc4 d5 16. Ne5 {white has good chanses for
sucsessfull defense.} c5 $44) 15... Rb8 16. Nb3 d5 17. Qc1 dxc4 18. Qxc4 Qa3
19. Nd3 Ba6 20. Qc1 (20. Qc2 Rxb3 21. Qxb3 Qxb3 22. axb3 Bxd3 23. Rxa7 Rb8 $17)
20... Qxc1+ 21. Nbxc1 Ne4 $19 {[%cal Gc6c5]} 22. O-O (22. Ne5 c5 23. Nd7 cxd4
24. Bf4 d3 $19) 22... c5 23. f3 Ng3 24. Rd1 Nf5 25. Bf2 Nxd4 26. Nxc5 Ne2+ 27.
Nxe2 Bxe2 {winning a quality and the game .Rest of the game is matter of
technique.} 28. Nd7 Bxd1 29. Rxd1 Rfd8 30. Bh4 f6 31. Rd6 Rb1+ 32. Kh2 Rb6 33.
Rxb6 axb6 34. Nxb6 Rd6 35. Na4 Rd4 0-1

[Event "ARM-ch"]
[Site "Yerevan"]
[Date "1999.10.18"]
[Round "3"]
[White "Khachiyan, Melikset"]
[Black "Minasian, Artashes"]
[Result "1/2-1/2"]
[WhiteElo "2480"]
[BlackElo "2600"]
[Annotator "Oratovsky,M"]
[PlyCount "77"]
[EventDate "1999.10.16"]
[EventType "tourn"]
[EventRounds "11"]
[EventCountry "ARM"]
[EventCategory "10"]
[SourceTitle "CBM 074"]
[Source "ChessBase"]
[SourceDate "2000.02.01"]
[SourceVersion "1"]
[SourceVersionDate "2000.02.01"]
[SourceQuality "1"]

1. e4 g6 2. d4 d6 3. Nc3 c6 4. f4 d5 5. e5 h5 6. Nf3 Nh6 (6... Bg4 7. Be2 e6 8.
Be3 Nh6 9. Qd2 Nf5 10. Bf2 Nd7 11. Ng5 Bxe2 12. Nxe2 c5 13. c4 Nb6 14. cxd5
Qxd5 15. dxc5 Bxc5 16. Qxd5 Bxf2+ 17. Kxf2 Nxd5 $11 {1/2-1/2 Almasi,Z-Hickl,J/
Bern 1996/CBM 51 ext (33)}) 7. Be3 b6 $6 $146 (7... Qb6 8. Na4 (8. b3 Bg4 9.
Na4 Qa5+ 10. Bd2 Qc7 11. c3 e6 12. Bd3 Nf5 13. O-O c5 14. dxc5 Bxc5+ 15. Nxc5
Qxc5+ 16. Rf2 Nc6 17. h3 Bxf3 18. Qxf3 h4 19. Kh2 O-O-O $13 {1-0 Bauer,
T-Chernin,A/HUN-chT 1993/TD (73)}) 8... Qa5+ 9. c3 Qc7 $5 (9... Bg4 10. Nc5 Nf5
11. Bf2 e6 12. Qb3 $5 (12. Nxb7 $6 Qb6 13. Qb3 Bxf3 14. gxf3 Nd7 $15 {(/\15...
Rb8)}) 12... Qb6 13. Nd2 $5 $14) 10. Be2 Bg4 11. O-O Nf5 12. Bf2 e6 {Sepp,
O-Gurevich,M/Brugge 1995/EXT 98/ 0-1 (51)} 13. b3 $5 $14 {[%cal Gc3c4]}) 8. Bd3
(8. h3 Nf5 9. Bf2 h4 10. Bd3 e6 $15 {[%cal Gf8e7,Gc8a6]}) (8. g3 $5 {[%cal
Gh2h3]}) 8... Bf5 9. O-O Bxd3 10. Qxd3 {[%cal Ge5e6]} e6 $11 {After
lightsquare bishops exchange black can be satisficed with the opening results.}
11. Ne2 Be7 12. c4 Kf8 $5 {tipical for this type of positions maneuvre: for
the future black rook placed better on h8.} 13. cxd5 {in my opinion inaccurasy.
Deserved attention} (13. Rac1 {[%cal Gc1c2,Gf1c1] and than to open "c" file.})
13... cxd5 14. Rac1 Qd7 15. Rc2 a5 16. Rfc1 Na6 {[%cal Ga6b4]} 17. a3 {[%csl
Ra6]} Nf5 18. Bd2 (18. Bf2 $142 Kg7 19. Ng3 Nxg3 20. Bxg3 {[%csl Ge7][%cal
Gg3h4]} h4 $6 21. Be1 $14 {[%csl Rh4]}) 18... Kg7 19. Ng3 Nxg3 20. hxg3 a4 21.
Be3 (21. Rc6 $2 Nc5 $17 {[%csl Rc6]}) (21. Kf2 $5 {[%cal Gf2e2]}) 21... b5 {
preparing rooks excange after Qb7} (21... Qb7 $2 22. Qb5 $16 {[%csl Ra4,Rb6]})
22. Rc6 Qb7 {[%cal Gb5b4]} 23. Nh4 Rhc8 $1 (23... b4 $2 24. Nxg6 fxg6 25. Rxe6
Rh6 26. Rcc6 $18) (23... Bxh4 24. gxh4 b4 25. f5 $36 {[%cal Ge3g5]}) 24. Rxc8
Rxc8 25. Rxc8 Qxc8 26. Qxb5 Bxh4 $1 27. gxh4 Qc4 {despite of material
advantage white has to play carefully-powerfull piece combination Q+Knight may
be very dangerouse.} 28. Qa5 {in the endgame,arising after} (28. Qxc4 dxc4 {
[%cal Ga6c7,Gc7d5]} 29. Kf2 (29. d5 exd5 $15 {[%cal Ga6b8,Gb8c6]}) 29... Nc7 {
[%csl Rd4][%cal Gc7b5,Gg7f8,Gf8e7,Ge7d7,Gd7c6,Gc6d5] only black has chanses
for win}) 28... Nc7 29. Kh2 {[%cal Gf4f5]} Qd3 30. Bg1 Qc4 31. Qc5 Nb5 32. Bf2
Qe2 33. Bg3 Qxb2 34. Be1 $132 {[%cal Ge1b4]} Nxd4 35. Bb4 Qf2 $11 {[%cal Rd4f3]
} 36. Qf8+ Kh7 37. Qxf7+ Kh8 38. Qf6+ Kh7 39. Qf7+ 1/2-1/2

[Event "ROM-ch"]
[Site "Iasi"]
[Date "1999.12.25"]
[Round "13"]
[White "Istratescu, Andrei"]
[Black "Badea, Bela"]
[Result "1-0"]
[WhiteElo "2570"]
[BlackElo "2484"]
[Annotator "Oratovsky,M"]
[PlyCount "49"]
[EventDate "1999.12.13"]
[EventType "tourn"]
[EventRounds "15"]
[EventCountry "ROU"]
[EventCategory "9"]
[SourceTitle "CBM 075"]
[Source "ChessBase"]
[SourceDate "2000.04.05"]
[SourceVersion "1"]
[SourceVersionDate "2000.04.05"]
[SourceQuality "1"]

1. e4 g6 2. d4 d6 3. Nc3 Bg7 4. f4 Nc6 5. Be3 Nf6 6. Nf3 e6 (6... O-O 7. e5
dxe5 8. dxe5 Ng4 9. Bg1 Qxd1+ 10. Rxd1 f6 11. h3 Nh6 12. exf6 exf6 13. Bc4+ Kh8
14. Bc5 Re8+ 15. Kf2 $14 {[%cal Gg2g4] white stands more active Gruenfeld,
Y-Davies,N/Tel Aviv 1990/1/2-1/2 (49)}) 7. Qd2 {On this move and move after
white preferes not to lose a tempo for profilactic h3,preparing for this pawn
another future.} (7. h3 O-O 8. Qd2 Ne7 9. Bd3 b6 10. O-O-O Bb7 11. Rhe1 c5 12.
Bf2 {[%csl Ge1,Ge4]} Rc8 13. Kb1 c4 14. Bf1 d5 15. e5 Ne4 16. Nxe4 dxe4 17. Ng5
c3 $5 18. bxc3 b5 $1 $132 {De Firmian,N-Benjamin,J/USA-ch final 1998/1/2-1/2 
(45)}) 7... O-O 8. O-O-O (8. h3 b6 9. a3 Ne7 10. Bd3 Bb7 11. O-O c5 12. dxc5
dxc5 13. Rad1 Qc8 14. Ne5 Rd8 15. Qf2 Ne8 $13 {Lau,R-Schmaltz,R/BL9495 1995 
(44)}) 8... Ne7 9. e5 $5 (9. h3 b6 10. g4 (10. Bd3 c5 11. dxc5 bxc5 12. Bc4 Ne8
13. e5 Nf5 14. g4 Nxe3 15. Qxe3 Qb6 $132 {0-1 Hermann,M-Schmidt,P/BL9596 1996 
(31)}) 10... Bb7 11. Bd3 c5 12. dxc5 bxc5 13. g5 Nh5 14. Rhg1 Qa5 $13 {[%cal
Gg7c3] 1/2-1/2 Shirov,A-Nijboer,F/Hoogovens Blitz 1998 (41)}) 9... Nfd5 10.
Nxd5 Nxd5 ({deserved attention} 10... exd5 $5 {[%cal Gc8g4]}) 11. h4 $1 $36 {
[%cal Gh4h5]} h5 12. Bd3 {[%cal Gh1g1,Gg2g4]} f5 $6 13. Bf2 ({another
possibility was} 13. exf6 Qxf6 14. g3 c5 15. c3 $14 {[%csl Gd4,Rg6]}) 13... Bd7
14. c4 Nb6 15. d5 $1 $16 c6 (15... exd5 16. cxd5 Nxd5 17. Bc4 c6 18. Bxd5+ cxd5
19. Qxd5+ Kh8 20. Qxd6 $18) 16. dxe6 Bxe6 17. exd6 Na4 (17... Nxc4 18. Qe2 $1 {
[%cal Rd3c4,Re2e6]} Bxb2+ 19. Kb1 $18) 18. Ne5 Qxd6 19. Qc2 $1 $18 {[%csl Ra4]
the knight is trapped} b5 $8 ({doesn'thelp} 19... Bh6 {[%cal Gd6e5]} 20. Nxg6
Bxf4+ 21. Kb1 Rf6 22. Nxf4 Qxf4 23. g3 Qf3 24. Bd4 $18) (19... Qb4 20. Be1 $18)
(19... Nc5 20. Nxg6 Rf7 21. Be2 $18 {[%csl Rc5]}) 20. c5 Qc7 21. b3 Bxe5 22.
fxe5 Qxe5 23. Rhe1 Qf4+ 24. Qd2 Qxd2+ 25. Rxd2 1-0

[Event "Chigorin Memorial 07th"]
[Site "St Petersburg"]
[Date "1999.11.10"]
[Round "9"]
[White "Sorokin, Maxim"]
[Black "Shchekachev, Andrei"]
[Result "1-0"]
[WhiteElo "2574"]
[BlackElo "2505"]
[Annotator "Oratovsky,M"]
[PlyCount "69"]
[EventDate "1999.11.02"]
[EventType "swiss"]
[EventRounds "9"]
[EventCountry "RUS"]
[SourceTitle "CBM 074"]
[Source "ChessBase"]
[SourceDate "2000.02.01"]
[SourceVersion "1"]
[SourceVersionDate "2000.02.01"]
[SourceQuality "1"]

1. d4 g6 2. e4 Bg7 3. Nc3 d6 4. Bg5 Nd7 5. Nf3 (5. f4 $6 {after this dubious
move black gets sufficient counterplay after} c5 6. d5 Qa5 7. Qf3 (7. Qd2 h6 8.
Bh4 Bxc3 9. bxc3 Ngf6 10. Qd3 g5 $1 {[%csl Ge5]} 11. fxg5 Nxe4 12. Qxe4 Qxc3+
13. Kf2 Qxa1 14. Nf3 Kd8 15. Qf4 Ne5 16. Bb5 Qb2 $19) 7... h6 8. Bh4 Bxc3+ 9.
bxc3 Ngf6 {[%cal Rf6e4]} 10. Kd2 b5 11. Nh3 g5 12. fxg5 Ne5 $15) (5. Qd2 c5 6.
d5 Ngf6 7. f4 a6 8. a4 Qb6 $132 {[%cal Gb6b4]}) 5... h6 {in this position
black has an interesting possibility of transformation into "Dragon" variation
with white bishop on g5:} (5... c5 6. Qd2 cxd4 7. Nxd4 Ngf6 8. f3 O-O 9. O-O-O
$14 {[%cal Gh2h4,Gh4h5]}) 6. Be3 a6 7. a4 b6 (7... c5 8. dxc5 Nxc5 9. e5 $14 {
[%csl Rd6]}) 8. Bd3 ({deserved attention} 8. d5 {[%cal Gf3d4,Gd4c6] taking
space advantage in the centre} Ngf6 9. Nd4 (9. Qd2 Nc5 10. Bd3 Bb7 11. a5 b5
12. b4 Ncxe4 13. Bxe4 Nxe4 14. Nxe4 Bxa1 15. c3 Qd7 16. O-O Qf5 17. Ng3 Qxd5
18. Rxa1 Qxd2 $13) 9... O-O 10. f3 Qe8 11. Qd2 Kh7 12. Bc4 Ne5 13. Bb3 e6 14.
O-O $14) 8... e6 9. O-O Ne7 10. Qd2 Bb7 11. Rad1 Qc8 $6 ({better was} 11... c5
$5 12. d5 e5 $13 (12... exd5 13. exd5 Nxd5 14. Nxd5 Bxd5 15. Be2 Be4 $13)) 12.
Rfe1 Nf6 13. h3 d5 14. Bf4 ({nothing special promises to white} 14. e5 Ne4 15.
Qe2 Nxc3 (15... c5 16. Bxe4 dxe4 17. Nd2 $16 {[%csl Gd6][%cal Gd2e4,Ge4d6,
Gd2c4,Gc4d6]}) 16. bxc3 Qd7 17. a5 b5 $13 {and black has defendible position})
14... c5 ({after} 14... dxe4 15. Nxe4 Nxe4 16. Bxe4 Bxe4 17. Rxe4 Nd5 18. Be5
$14 {white has visible development advantage}) 15. dxc5 bxc5 16. exd5 Nexd5 17.
Bd6 c4 (17... Qc6 {[%tqu "En","","","","c3b5","",10,"e1e6","",0]} 18. Nb5 $1 ({
also deserved attention promising rook sacrifice} 18. Rxe6+ $5 fxe6 19. Bxg6+
Kd8 20. Ne5 $44) 18... Nd7 19. c4 $1 (19. Nc7+ $6 Nxc7 20. Be4 Nd5 21. Bxd5
Qxd5 22. Qxd5 Bxd5 23. Rxd5 Bxb2) (19. Bxg6 fxg6 20. c4 N5f6 $8 (20... axb5 21.
Rxe6+ Kf7 (21... Kd8 22. cxd5 Qc8 23. Ng5) 22. cxd5 Qc8 23. Re7+ $40) 21. Rxe6+
Kf7 22. Re7+ Kg8 23. Nc7 Rc8 24. Ne6 Bf8 $13) 19... axb5 20. cxd5 Qxd6 21. dxe6
O-O {[%tqu "En","","","","e6e7","",10]} 22. e7 $1 Rfb8 23. Bxb5 Qxd2 24. Nxd2
Nf6 25. Nc4 $18 {[%cal Gc4d6]}) 18. Bf1 Qc6 19. Nxd5 (19. Ba3 $5 Nxc3 20. Qxc3
$16 {[%csl Rc4][%cal Gf3e5]}) 19... Nxd5 20. Be5 O-O 21. Bxg7 Kxg7 22. Qd4+ Kh7
23. Qxc4 $16 {/+-} Rfc8 24. Ne5 Qb6 25. Qh4 Rc7 26. c4 g5 (26... Nb4 27. Qf6
Rf8 28. Nxg6 $18) 27. Qe4+ f5 28. Qd4 Qxd4 29. Rxd4 Nb4 30. Rd6 Re8 31. Nd3 Nc6
(31... Nxd3 32. Bxd3 $18 {[%csl Re6,Rf5][%cal Rd3f5]}) 32. b4 Nd8 33. Nc5 a5
34. Red1 Nf7 35. Rd7 1-0

[Event "EU-Cup 15th final"]
[Site "Bugojno"]
[Date "1999.10.29"]
[Round "1"]
[White "Morozevich, Alexander"]
[Black "Azmaiparashvili, Zurab"]
[Result "1/2-1/2"]
[WhiteElo "2758"]
[BlackElo "2681"]
[Annotator "Oratovsky,M"]
[PlyCount "82"]
[EventDate "1999.10.29"]
[EventType "team-k.o."]
[EventRounds "3"]
[EventCountry "BIH"]
[SourceTitle "EXT 2020"]
[Source "ChessBase"]
[SourceDate "2019.10.17"]
[SourceVersion "1"]
[SourceVersionDate "2019.10.17"]
[SourceQuality "1"]
[WhiteTeam "Tomsk Siberia"]
[BlackTeam "Kiseljak"]
[WhiteTeamCountry "RUS"]
[BlackTeamCountry "BIH"]

1. e4 {[%mdl 3136]} d6 2. d4 g6 3. Nc3 Bg7 4. Be3 a6 5. f4 b5 6. Bd3 Bb7 7. Nf3
Nd7 ({Deserved attention attempt immidiately to attack whites pawn centre after
} 7... b4 $5 8. Ne2 Nf6 9. e5 (9. Ng3 Nbd7 (9... h5 10. Ng5 h4 11. Nf1 d5 12.
e5 Ne4 13. Nxe4 dxe4 14. Bc4 $16) 10. Qd2 c5 $132) 9... Nd5 10. Bd2 (10. Bf2
Bh6 11. Qd2 Nd7 $132 {[%cal Gc7c5]}) 10... c5 11. c4 bxc3 12. bxc3 cxd4 13.
cxd4 O-O 14. O-O $13 {Svidler,P-Beliavsky,A/Dortmund 1998/CBM 66/ (33)}) ({
not good for black} 7... Nf6 8. e5 Nd5 9. Nxd5 Bxd5 10. Qe2 $36 {[%csl Ge5,Rg7]
[%cal Ga2a4,Gh2h4,Gh4h5] and white stands better on both flanks.}) 8. e5 (8.
O-O c5 $132 9. Kh1 c4 10. Be2 b4 11. Na4 Bxe4 12. Bxc4 Ngf6 13. a3 Rc8 14. Bb3
bxa3 15. Rxa3 O-O $11 {Hertneck,G-Bilek,I/Kecskemet 1990/CBM 20/[King] (40)})
8... e6 (8... Nb6 9. O-O e6 10. a4 b4 11. Ne4 Ne7 12. Bf2 Bxe4 13. Bxe4 Nbd5
14. a5 $14 {Tiviakov,S-Azmaiparashvili,Z/Groningen 1994/CBM 45 1-0 (64)}) (8...
c5 $6 9. dxc5 Nxc5 10. Bxc5 dxc5 11. Be4 $14) 9. a4 ({nothing promises to
white "nice"} 9. Ne4 Nb6 10. O-O Ne7 11. Qe1 Nf5 12. Bd2 h5 13. b3 {[%cal
Gc2c4]} Bxe4 $1 14. Bxe4 d5 15. Bd3 Bf8 {[%cal Gc7c5]} 16. b4 Be7 $15 {0-1
Chandler,P-Khalifman,A/Bad Wiessee 1997/CBM 61 ext (45)}) 9... b4 (9... bxa4
10. O-O Ne7 11. Qe2 Qb8 12. Rxa4 c5 13. Bxa6 Bxf3 14. Qxf3 cxd4 15. Bxd4 O-O
$132 {[%csl Re5] 0-1 Polgar,J-Gausel,E/Haifa 1989/EU-chT (31)}) 10. Ne4 Nb6 11.
Bd2 a5 (11... Nd5 12. c4 bxc3 13. bxc3 $14 {[%cal Ga1b1]}) 12. Bb5+ $14 {
now black forced to lose a castle.} Kf8 13. Qe2 Ne7 14. O-O Bc6 15. Bxc6 Nxc6
16. c3 Qd7 (16... bxc3 17. bxc3 d5 18. Nc5 Nc4 (18... h5 19. Be1 $5 $14 {
[%cal Ge1h4]}) 19. g4 $40 h5 20. f5 hxg4 21. Ng5 $16) 17. Rfc1 bxc3 18. Nxc3
Nb4 19. Nb5 N4d5 (19... N6d5 20. Qc4 {[%cal Gb5c7]} Kg8 $8 21. g3 $16 {[%cal
Gd2b4] with visible positional advantage.}) 20. Rc2 Bh6 21. Rac1 $16 Kg7 22. f5
$1 ({another possibility,leading to whites advantage is} 22. Nxc7 Nxc7 (22...
Rac8 23. Nxd5 Rxc2 (23... Nxd5 24. Rxc8 Rxc8 25. Rxc8 Qxc8 26. exd6 $16 {
[%cal Ge2e5]}) 24. Rxc2 Nxd5 25. f5 exf5 26. Bxh6+ Kxh6 27. Qd2+ Kg7 28. Qxa5
$16) 23. Rxc7 Qxa4 24. exd6 Nd5 25. Qe5+ $18) 22... exf5 23. Rxc7 Qe6 (23...
Nxc7 {leads to the position from the game after} 24. Rxc7 Qe6 25. Bxh6+ Kxh6
26. Nxd6 Rhf8 27. Qe3+ Kg7 28. Nxf7) 24. Bxh6+ Kxh6 25. Nxd6 ({more accurate
was} 25. Qd2+ f4 $8 (25... Kg7 26. Ng5 Qe8 27. Rxf7+ Kg8 28. Nxd6 Qb8 29. Ne6
$18 {[%cal Gf7g7]}) 26. Nxd6 Nxc7 (26... Rhf8 27. Rb7 $18 {[%cal Gd2e1,Ge1h4]})
27. Qxf4+ Kg7 28. Rxc7 $18 {[%cal Gf3g5]}) 25... Nxc7 26. Rxc7 Rhf8 27. Qd2+
Kg7 28. Nxf7 Rxf7 29. Ng5 Qa2 30. Rxf7+ Kg8 31. Rc7 $6 {it looks like the game
has entered into mutual timetrouble and after few dubious moves white finds
himself without advantage.} (31. Rb7 Qb1+ 32. Kf2 Rc8 33. Kg3) (31. h3 $5 {
after this move the king is safe and white can develope decisive attack.})
31... Nd5 32. Rc1 Qxa4 33. h3 $6 (33. Ne6 $5 $16 {[%cal Ge6c5]}) 33... Qb3 34.
Qf2 Rb8 35. Kh2 (35. Rc5 {[%cal Gf2h4]} h6 36. Nf3 a4 37. Kh2 $16) 35... Qe3
$132 36. Qxe3 Nxe3 37. Rc3 Nd5 (37... f4 38. b3 $16) 38. Rc5 Nf4 39. Rc7 $6 ({
after correct} 39. Rc2 h6 40. Nf3 Nd3 41. Rc6 {white still has chanses for a
win}) 39... Rxb2 40. Nxh7 Rxg2+ 41. Kh1 Rd2 $11 1/2-1/2